National Anthem of France - La Marseillaise - Statistics

General Stats
  • This quiz has been taken 11 times
  • The average score is 46 of 58
Answer Stats
Lyrics % Correct
de
100%
de
100%
de
100%
ces
90%
jour
90%
la
90%
la
90%
Le
90%
nous
90%
Patrie,
90%
Allons
80%
armes,
80%
arrivé!
80%
bras
80%
campagnes
80%
Contre
80%
dans
80%
dans
80%
enfants
80%
Entendez-
80%
est
80%
est
80%
est
80%
féroces
80%
gloire
80%
jusque
80%
les
80%
Marchons,
80%
marchons!
80%
nos
80%
sang
80%
sanglant
80%
sanglant
80%
soldats?
80%
tyrannie
80%
vos
80%
vos
80%
vos
80%
vos
80%
vous
80%
Abreuve
70%
Aux
70%
bataillons,
70%
citoyens,
70%
compagnes!
70%
Égorger
70%
fils,
70%
Formez
70%
Ils
70%
impur
70%
L'étendard
70%
L'étendard
70%
levé,
70%
levé,
70%
Mugir
70%
Qu'un
70%
sillons!
70%
viennent
70%
No matching quizzes found
Score Distribution
Percent of People with Each Score
Percentile by Number Answered
Your Score History
You have not taken this quiz